Stati con più Musulmani in Oceania - Statistics

Statistiche generali
  • Questo quiz è stato fatto 8 volte
  • Il punteggio medio è 4 su 5
Statistiche sulle risposte
Musulmani (in numeri assoluti) Stato % Corretto
813 392 Australia
100%
2 000 Papua Nuova Guinea
100%
41 000 Nuova Zelanda
83%
< 1 000 Isole Salomone
67%
58 355 Figi
50%
Nessun quiz corrispondente trovato
Distribuzione punteggi
Percentuale di utenti per punteggio
Percentile per numero di risposta
I tuoi punteggi nel tempo
Non hai fatto questo quiz